Markets (Record no. 84006)

MARC details
000 -LEADER
fixed length control field 01096cab a22001935a 4500
001 - CONTROL NUMBER
control field L156421
008 - FIXED-LENGTH DATA ELEMENTS--GENERAL INFORMATION
fixed length control field 120518e2012 xxk 000 0 eng d
035 ## - SYSTEM CONTROL NUMBER
System control number (Sirsi) u156421
041 0# - LANGUAGE CODE
Language code of text/sound track or separate title eng
100 1# - MAIN ENTRY--PERSONAL NAME
Personal name Hatcher, David
245 00 - TITLE STATEMENT
Title Markets
Remainder of title Greater Manchester
260 ## - PUBLICATION, DISTRIBUTION, ETC.
Date of publication, distribution, etc. 2012
490 #0 - SERIES STATEMENT
Series statement Property Week
Volume/sequential designation 78(19) 11 May 2012, 35-44(6)
520 ## - SUMMARY, ETC.
Summary, etc. Five occupiers including BUPA, Jacobs Engineering and law firm Panone are seeking 400 000 sq ft of offices in Manchester prior to lease expiry. Interest in ITV's 13.5 acre historic Quay Street scheme in central Manchester has been lukewarm. Aviva Investors aims to revitalise the Manchester Corn Exchange into a boutique, high-end fashion centre. Manchester Arena may be sold ahead of next year's loan maturity. Debenhams is in discussions to anchor Genr8 and Kajima's Rochdale shopping centre. Allied London is to speculatively develop its 160 000 sq ft Hardman Boulevard office scheme at Spinningfields under a new brand name.
590 ## - LOCAL NOTE (RLIN)
Local note KA
651 #4 - SUBJECT ADDED ENTRY--GEOGRAPHIC NAME
Geographic name Greater Manchester
690 ## - LOCAL SUBJECT ADDED ENTRY--TOPICAL TERM (OCLC, RLIN)
Topical term or geographic name as entry element Commercial property
9 (RLIN) 6227
942 ## - ADDED ENTRY ELEMENTS (KOHA)
Suppress in OPAC 0
Holdings
Withdrawn status Lost status Source of classification or shelving scheme Damaged status Not for loan Home library Current library Shelving location Date acquired Total Checkouts Full call number Barcode Date last seen Copy number Price effective from Koha item type
    Dewey Decimal Classification     London London Journal article 18/05/2012   L156421 156421-1001 06/08/2019 1 06/08/2019 Journal article